000 00874cab a2200265 4500
001 X3302
008 090401t1996 xxu||||| |||| 00| 0 eng d
035 _a(Sirsi) u29676
041 _aeng
245 _aThurrock DC v Gorman
260 _c1996
350 _a0
490 _aPlanning Appeal Decisions
_v[1996] 11 PAD 211-223(13)
520 _aDecision letter 21 November 1995. Thirteen listed building enforcement notices were served on Old Hall Farmhouse, Orsett some of which were quashed, others upheld.
650 _aENFORCEMENT NOTICES
650 _aLISTED BUILDINGS
650 _aOLD HALL FARMHOUSE
650 _aPLANNING (LISTED BUILDINGS AND CONSERVATION AREA) ACT 1990
650 _aPPG15
650 _aTHURROCK DC V GORMAN
690 _aCONSERVATION-CASE LAW
690 _aPROPERTY LAW AND PRACTICE-CASE LAW
942 _n0
948 _c04/03/1997
999 _c19963
_d19963